000 00269nam a22001097a 4500
008 170124b xxu||||| |||| 00| 0 eng d
020 _a9781401826864
041 _aeng
080 _22ND
_a618.2
245 _aFOUNDATIONS OF ADULT HEALTH NURSING
_cWHITE, L
942 _2udc
_cBK
999 _c3454
_d3454